000 00321nam a22001457a 4500
008 230207b ||||| |||| 00| 0 eng d
020 _a9780321523037
041 _aeng
080 _22ND EDITION
_a51
082 _a51
100 _a20
101 _aMATEM
245 _aINTRODUCTORY ALGEBRA
_cBRAGG S
942 _2udc
_cBK
999 _c59326
_d59326